书目信息 |
| 题名: |
现代西方哲学
|
|
| 作者: | 刘放桐 编著 | |
| 分册: | 下册 | |
| 出版信息: | 北京 人民出版社 1990 |
|
| 页数: | 459-862页 | |
| 开本: | 20cm | |
| 丛书名: | ||
| 单 册: | ||
| 中图分类: | B15 | |
| 科图分类: | ||
| 主题词: | 哲学--西方--现代 | |
| 电子资源: | ||
| ISBN: | 7-01-000523-0 | |
| 000 | 00628nam0 2200217 45 | |
| 001 | 0190004472 | |
| 005 | 20051024104356.03 | |
| 010 | @a7-01-000523-0@dCNY14.50(2册) | |
| 100 | @a19921105d1990 kemy0chiy0121 ea | |
| 101 | 0 | @achi |
| 102 | @aCN@b110000 | |
| 105 | @ay z 000yy | |
| 200 | 10 | @a现代西方哲学@AXIAN DAI XI FANG ZHE XUE@h下册@f刘放桐等编著@FLIU FANG TONG DENG BIAN ZHU |
| 205 | @a修订本 | |
| 210 | @a北京@c人民出版社@d1990 | |
| 215 | @a459-862页@d20cm | |
| 606 | 0 | @a哲学@y西方@z现代 |
| 690 | @aB15@v4 | |
| 701 | 0 | @a刘放桐@ALIU FANG TONG@4编著 |
| 801 | 0 | @aCN@bNLC@c20051024 |
| 905 | @b340331-332@dB15@e1:2=2@f2 | |
| 现代西方哲学.下册/刘放桐等编著.-修订本.-北京:人民出版社,1990 |
| 459-862页;20cm |
| ISBN 7-01-000523-0:CNY14.50(2册) |
| ● |
| 相关链接 |
|
|
|
|
正题名:现代西方哲学
索取号:B15/1:2=2
 
预约/预借
| 序号 | 登录号 | 条形码 | 馆藏地/架位号 | 状态 | 备注 |
| 1 | 0231574 | 001124303 | 密集书库/ [索取号:B15/1:2=2] | 在馆 | |
| 2 | 0340331 | 203403316 | 第一样本阅览室/ [索取号:B15/1:2=2] | 在馆 | |
| 3 | 0340332 | 203403325 | 密集书库/ [索取号:B15/1:2=2] | 在馆 |